Ekologické poľnohospodárstvo a ekonomika výroby bioproduktov zborník vedeckých prác z medzinárodnej vedeckej konferencie organizovanej pod záštitou ministra pôdohospodárstva SR : Košice, 11.-12. apríla 2002

Bibliographic Details
Format: Book
Language:Slovak
PhysicalDescription:187 strán schémy, tabuľky 21 cm
Published: Nitra Agrotár 2002
ISBN:8088943159
Edition:1. vyd.
Subjects:

MARC

LEADER 00000cam a2200000 a 4500
001 vtls001447645
003 SK-MaSNL
005 20260302002204.0
008 240226s2002 xo l frdn 100 0 slo
015 |a SNBA2003/04-01177 
020 |a 8088943159 
035 |a SNK000402906 
035 |a urn:nbn:sk:snk-am3j0ir 
035 |a 6B9B9003-C6B7-4FA4-89CB-2D51D0723827 
035 |a urn:nbn:sk:snk-am00gf0y 
040 |a SNK  |b slo  |c SNK  |e AACR2 
041 0 |a slo  |b eng 
043 |a e-xo--- 
044 |a xo  |c SK 
072 7 |a 631  |x Poľnohospodárstvo. Pedológia. Agrotechnika. Agroekológia  |2 konspekt 
080 |a 631.147  |2 2011 
080 |a 338.3  |2 2011 
080 |a [631.57+637]:631.147  |2 2011 
080 |a 005.6  |2 2011 
080 |a 005.745-027.543  |2 2001 
080 |a (062.534)  |2 2011 
080 |a (437.672)  |2 2011 
245 0 0 |a Ekologické poľnohospodárstvo a ekonomika výroby bioproduktov  |b zborník vedeckých prác z medzinárodnej vedeckej konferencie organizovanej pod záštitou ministra pôdohospodárstva SR : Košice, 11.-12. apríla 2002 
250 |a 1. vyd. 
260 |a Nitra  |b Agrotár  |c 2002 
300 |a 187 strán  |b schémy, tabuľky  |c 21 cm 
366 |e 160 kusov 
500 |a Čiastočne text česky, anglicky a poľsky 
504 |a Obsahuje bibliografické odkazy 
546 |a Text slovensky, resumé anglicky 
648 7 |a 2002  |2 SNKPH  |9 299607 
650 0 7 |a ekologické poľnohospodárstvo  |2 SNKPH  |9 3913 
650 0 7 |a bioprodukty  |2 SNKPH  |9 3900 
650 0 7 |a manažment kvality  |2 SNKPH  |9 932 
650 0 7 |a ekonomika výroby  |2 SNKPH  |9 179659 
650 0 7 |a medzinárodné konferencie  |2 SNKPH  |9 64889 
651 7 |a Košice (Slovensko)  |2 SNKPHgeo  |9 18694 
655 7 |a zborníky konferencií  |2 SNKPH  |9 70153 
919 |a 80-88943-15-9 
958 |a TL 
958 |a OND 
958 |a ZB 
958 |a NB 
999 |c 986982  |d 988912 
952 |t P60, <03>, [BOOK], {603}  |a SNK  |b SNK  |y PREZ  |7 0  |p 17A0371206  |o snkSC 110338  |i snkKSP 435/2003  |0 0  |1 0  |4 0  |d 2003-01-15  |f 1  |l 0  |r 2025-09-30 00:00:00  |w 2026-02-24 
952 |t P60, <04>, [BOOK], {604}  |a SNK  |b SNK  |y VYP  |7 0  |p 17A0371207  |o snkSC 110338 D1  |i snkKSP 436/2003  |0 0  |1 0  |4 0  |d 2003-01-15  |l 0  |r 2005-01-02 00:00:00  |w 2026-02-24